<?xml version="1.0" encoding="UTF-8"?>
<collection xmlns="http://www.loc.gov/MARC21/slim">
  <record>
    <leader>00000nam  2200000   4500</leader>
    <controlfield tag="001">INLIS000000000008887</controlfield>
    <controlfield tag="005">20200626085549</controlfield>
    <datafield tag="035" ind1="#" ind2="#">
      <subfield code="a">0010-0620000173</subfield>
    </datafield>
    <controlfield tag="007">ta</controlfield>
    <controlfield tag="008">200626################g##########0#ind##</controlfield>
    <datafield tag="082" ind1="#" ind2="#">
      <subfield code="a">307.72</subfield>
    </datafield>
    <datafield tag="084" ind1="#" ind2="#">
      <subfield code="a">307.72 SIS</subfield>
    </datafield>
    <datafield tag="100" ind1=" " ind2="#">
      <subfield code="a">Suwondo, Bambang</subfield>
    </datafield>
    <datafield tag="245" ind1="1" ind2="#">
      <subfield code="a">Sistem Gotong Royong dalam Masyarakat Pedesaan Daerah Istimewa Yogyakarta /</subfield>
      <subfield code="c">Bambang Suwondo</subfield>
    </datafield>
    <datafield tag="260" ind1="#" ind2="#">
      <subfield code="a">Jakarta :</subfield>
      <subfield code="b">Dirjen Kebudayaan Depdikbud,</subfield>
      <subfield code="c">1982</subfield>
    </datafield>
    <datafield tag="300" ind1="#" ind2="#">
      <subfield code="a">viii, 121 hal. :</subfield>
      <subfield code="b">ilus ;</subfield>
      <subfield code="c">23 cm</subfield>
    </datafield>
    <datafield tag="650" ind1="#" ind2="#">
      <subfield code="a">Kebudayaan, desa</subfield>
    </datafield>
    <datafield tag="502" ind1="#" ind2="#">
      <subfield code="a">Buku ini merupakan hasil penelitian yang dilakukan oleh Dirjen Kebudayaan Departemen Pendidikan dan Kebudayaan. Penelitian tentang sistem gotong-royong ini didasarkan pada suatu suatu pengertian yang merupakan batasan. Pengertian yang dimaksud adalah: Gotong-royong adalah bentuk kerjasama untuk mencapai tujuan tertentu    dengan prinsip timbal balik (resiprositas) yang menimbulkan adanya kegiatan sosial dalam masyarakat. Gotong-royong ini dalam pelaksanaanya dapat berbentuk gotong-royong spontan, gotong-royong yang dilandasi pamrih atau gotong-royong karena memenuhi kewajiban sosial untuk salah satu kegiatan masyarakat. Bentuk kerjasama ini dapat beraneka ragam sesuai dengan bidang dan kegiatan sosial itu sendiri.</subfield>
    </datafield>
    <datafield tag="856" ind1="#" ind2="#">
      <subfield code="a">Perpustakaan Lembaga Administrasi Negara</subfield>
    </datafield>
    <datafield tag="990" ind1="#" ind2="#">
      <subfield code="a">97092728</subfield>
    </datafield>
    <datafield tag="990" ind1="#" ind2="#">
      <subfield code="a">27336</subfield>
    </datafield>
    <datafield tag="990" ind1="#" ind2="#">
      <subfield code="a">97092588</subfield>
    </datafield>
  </record>
</collection>
